| 000 | 01613aam a2200541 4500 | ||
|---|---|---|---|
| 005 | 20250624151221.0 | ||
| 008 | 150409b2012 xxu||||| |||| 00| 0 spa d | ||
| 020 | _a9786074384178 | ||
| 041 | _aESP | ||
| 082 | _a658.404 T693a | ||
| 100 |
_aTorres Hernández, Zacarias _96304 |
||
| 100 |
_aTorres Martínez Heli _96305 |
||
| 245 | _aAdministración de proyectos | ||
| 260 | _aMéxico | ||
| 260 | _bPatria | ||
| 260 | _c2012 | ||
| 300 | _a629 páginas | ||
| 490 | _aDirección y Administración de Empresas | ||
| 505 | _aParte I. Fundamentos Parte II. Ciclo de vida Parte III. Administración Parte V. Herramientas para el líder de proyectos Parte VI. Temas selectos de proyectos | ||
| 650 | _aGERENCIA DE PROYECTOS | ||
| 650 | _aADMINISTRACION DE PROYECTOS | ||
| 650 | _aCICLO DE VIDA DEL PROYECTO | ||
| 650 | _aINTEGRACIÓN DE PROYECTOS | ||
| 650 | _aPRESUPUESTO | ||
| 650 | _aPLANEACIÓN | ||
| 650 | _aEJECUCIÓN DE LA ESTRATEGIA | ||
| 650 | _aCOSTOS | ||
| 650 | _aTIEMPO | ||
| 650 | _aPROCESOS | ||
| 650 | _aCALIDAD | ||
| 650 | _aRECURSOS HUMANOS | ||
| 650 | _aPLANEACIÓN DE RECURSOS HUMANOS | ||
| 650 | _aCOMUNICACIÓN | ||
| 650 | _aRIESGO | ||
| 650 | _aABASTECIMIENTO | ||
| 650 | _aHERRAMIENTAS PARA EL LÍDER DE PROYECTOS | ||
| 650 | _aCODIGO DE ÉTICA | ||
| 650 | _aTRABAJO EN EQUIPO | ||
| 650 | _aLIDERAZGO | ||
| 650 | _aMOTIVACIÓN | ||
| 650 | _aTOMA DE DECISIONES | ||
| 650 | _aCULTURA Y POLÍTICA | ||
| 650 | _aNEGOCIACIÓN | ||
| 650 | _aLEGAL | ||
| 650 | _aEVALUACIÓN DE TENDENCIAS | ||
| 650 | _aCERTIFICACIÓN | ||
| 942 |
_cBK _2ddc |
||
| 999 |
_c4444 _d4444 |
||